|
|
|
|
| LEADER |
00917nam a22001937a 4500 |
| 008 |
190401b xxu||||| |||| 00| 0 eng d |
| 999 |
|
|
|c 26162
|d 26162
|
| 020 |
|
|
|a 9788120043817
|
| 082 |
|
|
|a 491.1009
|b RAG
|
| 100 |
|
|
|a രഘുനാഥന്, ആര്.
|
| 240 |
|
|
|a Malayalabhasholppathi vivaranathmakasoochika
|
| 245 |
|
|
|a മലയാളഭാഷോല്പ്പത്തി വിവരണാത്മകസൂചിക /
|c ആര്. രഘുനാഥന്
|
| 250 |
|
|
|a 1st ed.
|
| 260 |
|
|
|a തിരുവനന്തപുരം :
|b കേരള ഭാഷാ ഇന്സ്റ്റിറ്റ്യൂട്ട്,
|c 2018.
|
| 300 |
|
|
|a 197p.
|
| 650 |
|
|
|a Malayalam language
|
| 700 |
|
|
|a Raghunathan, R.
|
| 942 |
|
|
|2 ddc
|c BK
|
| 952 |
|
|
|0 0
|1 0
|2 ddc
|4 0
|6 491_100900000000000_RAG
|7 0
|9 35830
|a MAIN
|b MAIN
|d 2019-04-01
|e Progress Publications
|g 120.00
|o 491.1009 RAG
|p 34771
|r 2019-04-01
|t 1
|w 2019-04-01
|y BK
|